000 00444nam a2200181Ia 4500
001 16149
005 20260306170248.0
008 260306t2010||||xx |||||||||||||| ||und||
041 _aESP
082 _a347
_bH94 T. 10
100 _aHundskopf Exebio, Oswaldo
_eAUT
245 0 _aDerecho comercial:
_btemas societarios
260 _c2010
300 _a364 páginas :
_c24 cm.
650 _aGEN
654 _aCAN
942 _cLIB
_dJUS
_fJUS
_2ddc
_n
999 _c16149
_d16149